| 000 -LEADER |
| fixed length control field |
00758nam a22001937a 4500 |
| 003 - CONTROL NUMBER IDENTIFIER |
| control field |
OSt |
| 005 - DATE AND TIME OF LATEST TRANSACTION |
| control field |
20180629122534.0 |
| 008 - FIXED-LENGTH DATA ELEMENTS--GENERAL INFORMATION |
| fixed length control field |
170320t xxu||||| |||| 00| 0 eng d |
| 040 ## - CATALOGING SOURCE |
| Original cataloging agency |
BSHUA |
| Language of cataloging |
Shqip |
| Transcribing agency |
BSHUA |
| 082 ## - DEWEY DECIMAL CLASSIFICATION NUMBER |
| Item number |
785.73/Her. |
| 100 ## - MAIN ENTRY--PERSONAL NAME |
| Personal name |
Herard, P.S. ; |
| 245 ## - TITLE STATEMENT |
| Title |
Les Petits Concerts de Chambre : |
| Remainder of title |
Piano - Violon - Violoncelle / |
| 260 ## - PUBLICATION, DISTRIBUTION, ETC. (IMPRINT) |
| Place of publication, distribution, etc |
Nice : |
| Name of publisher, distributor, etc |
Georges Delrieu & C. , |
| Date of publication, distribution, etc |
1929 . |
| 300 ## - PHYSICAL DESCRIPTION |
| Dimensions |
31.5 cm. . |
| Size of unit |
13 f. : me nota ; |
| 653 ## - INDEX TERM--UNCONTROLLED |
| Uncontrolled term |
Partitura - Piano - Violine - Violoncel. |
| -- |
Muzika boterore - Muzika franceze. |
| -- |
Muzike dhome - Trio. |
| -- |
Trio, pjese te vogla koncerti per muzike dhome, per piano, violine dhe violoncel - Partitura + 2 parte. |
| -- |
Kompozitoret franceze - P.S. Herard. |
| 856 ## - ELECTRONIC LOCATION AND ACCESS |
| Link text |
Fulltext |
| 942 ## - ADDED ENTRY ELEMENTS (KOHA) |
| Source of classification or shelving scheme |
|
| Koha item type |
Music Scores |
| 953 ## - Fulltext |
| Is Fulltext Available |
Unavailable |